[Event "EU-chT 24th"]
[Site "Budva"]
[Date "2023.11.15"]
[Round "5.1"]
[White "Dragnev, Valentin"]
[Black "Mchedlishvili, Mikheil"]
[Result "1/2-1/2"]
[WhiteElo "2589"]
[BlackElo "2564"]
[PlyCount "67"]
[EventDate "2023.11.11"]
[EventType "team-swiss"]
[EventRounds "9"]
[EventCountry "MNE"]
[SourceTitle "CB47_2023"]
[SourceDate "2023.11.22"]
[SourceVersion "1"]
[SourceVersionDate "2023.11.22"]
[SourceQuality "1"]
[WhiteTeam "Austria"]
[BlackTeam "Georgia"]
[WhiteTeamCountry "AUT"]
[BlackTeamCountry "GEO"]

1. e4 c6 2. Nc3 d5 3. d4 dxe4 4. Nxe4 Bf5 5. Qf3 e6 6. c3 Nd7 7. Bd3 Bg6 8. Bf4 Ndf6 9. Nd2 Ne7 10. Ne2 Qd5 11. Bc4 Qxf3 12. Nxf3 Be4 13. Neg1 Ned5 14. Bg3 Nb6 15. Bf1 Be7 16. Ne5 Nfd7 17. Ngf3 Nxe5 18. Nxe5 0-0 19. f3 Bf5 20. Bd3 Bxd3 21. Nxd3 Rfd8 22. a4 Nd7 23. Bf2 Bd6 24. 0-0-0 f6 25. Bg3 Bf8 26. Rhe1 Kf7 27. Re2 Rac8 28. Red2 Nb6 29. b3 Nd5 30. Kb2 a5 31. Nf4 Bd6 32. Nd3 Bf8 33. Nf4 Bd6 34. Nd3 1/2-1/2

[Event "TUR-chT 1st League"]
[Site "Denizli"]
[Date "2023.07.10"]
[Round "3.22"]
[White "Petriashvili, Nikoloz"]
[Black "Mchedlishvili, Mikheil"]
[Result "1/2-1/2"]
[WhiteElo "2443"]
[BlackElo "2561"]
[PlyCount "35"]
[EventDate "2023.07.09"]
[EventType "team-swiss"]
[EventRounds "9"]
[EventCountry "TUR"]
[SourceTitle "CBM 215 Extra"]
[Source "ChessBase"]
[SourceDate "2023.09.30"]
[SourceVersion "1"]
[SourceVersionDate "2023.09.30"]
[SourceQuality "1"]
[WhiteTeam "Alacati Satranc"]
[BlackTeam "Tarsus Zeka"]
[WhiteTeamCountry "TUR"]
[BlackTeamCountry "TUR"]

1. Nf3 Nf6 2. g3 d5 3. Bg2 Bg4 4. 0-0 c6 5. h3 Bh5 6. c4 e6 7. d4 Be7 8. Nc3 0-0 9. Ne5 Nbd7 10. g4 Bg6 11. Nxg6 hxg6 12. Qb3 Qb6 13. e3 Qa6 14. cxd5 cxd5 15. Bd2 Rfe8 16. Rfc1 Qb6 17. Na4 Qxb3 18. axb3 1/2-1/2

[Event "Dubai op-A 23rd"]
[Site "Dubai"]
[Date "2023.06.04"]
[Round "9"]
[White "Injac, Teodora"]
[Black "Mchedlishvili, Mikheil"]
[Result "1/2-1/2"]
[WhiteElo "2402"]
[BlackElo "2553"]
[PlyCount "49"]
[EventDate "2023.05.27"]
[EventType "swiss"]
[EventRounds "9"]
[EventCountry "UAE"]
[SourceTitle "CBM 214 Extra"]
[Source "ChessBase"]
[SourceDate "2023.07.31"]
[SourceVersion "1"]
[SourceVersionDate "2023.07.31"]
[SourceQuality "1"]

1. d4 Nf6 2. Nf3 d5 3. c4 e6 4. g3 Bb4+ 5. Bd2 Be7 6. Bg2 c6 7. Qc2 Nbd7 8. 0-0 Ne4 9. Nc3 f5 10. Rad1 Nxd2 11. Nxd2 0-0 12. e3 Bd6 13. Ne2 Nf6 14. Nf4 Qe7 15. Nd3 Bd7 16. Nf3 Be8 17. Nfe5 Rd8 18. Rb1 h5 19. b4 h4 20. a4 Bxe5 21. Nxe5 Nd7 22. Nd3 Nb6 23. Ne5 Nd7 24. Nd3 Nb6 25. Ne5 1/2-1/2

[Event "Dubai op-A 23rd"]
[Site "Dubai"]
[Date "2023.05.30"]
[Round "4"]
[White "Mchedlishvili, Mikheil"]
[Black "Murzin, Volodar"]
[Result "1/2-1/2"]
[WhiteElo "2553"]
[BlackElo "2604"]
[PlyCount "59"]
[EventDate "2023.05.27"]
[EventType "swiss"]
[EventRounds "9"]
[EventCountry "UAE"]
[SourceTitle "CBM 214 Extra"]
[Source "ChessBase"]
[SourceDate "2023.07.31"]
[SourceVersion "1"]
[SourceVersionDate "2023.07.31"]
[SourceQuality "1"]

1. Nf3 d5 2. c4 e6 3. g3 Nf6 4. d4 Nbd7 5. Bg2 Be7 6. 0-0 0-0 7. Qc2 c6 8. Nbd2 b6 9. e4 dxe4 10. Nxe4 Nxe4 11. Qxe4 Bb7 12. Rd1 b5 13. cxb5 Nf6 14. Qe2 cxb5 15. Qxb5 Rb8 16. Qe2 Qb6 17. b3 Rbc8 18. Ne5 Bxg2 19. Kxg2 a5 20. Bg5 h6 21. Bxf6 Bxf6 22. Rd3 Rfd8 23. Rad1 Rd5 24. Nf3 Rcd8 25. Qe4 g6 26. R3d2 Qd6 27. Rd3 Kg7 28. R3d2 Kg8 29. Rd3 Kg7 30. R3d2 1/2-1/2

[Event "Sharjah Masters 6th"]
[Site "Sharjah"]
[Date "2023.05.23"]
[Round "7"]
[White "Nguyen, Thai Dai Van"]
[Black "Mchedlishvili, Mikheil"]
[Result "1/2-1/2"]
[WhiteElo "2645"]
[BlackElo "2553"]
[PlyCount "99"]
[EventDate "2023.05.17"]
[EventType "swiss"]
[EventRounds "9"]
[EventCountry "UAE"]
[SourceTitle "CBM 215"]
[Source "ChessBase"]
[SourceDate "2023.08.31"]
[SourceVersion "1"]
[SourceVersionDate "2023.08.31"]
[SourceQuality "1"]

1. e4 e5 2. Nf3 Nc6 3. Bc4 Bc5 4. c3 Nf6 5. d3 d6 6. 0-0 a5 7. Re1 0-0 8. h3 Ba7 9. Nbd2 Be6 10. Bb5 Ne7 11. d4 Ng6 12. Ba4 Nh5 13. Nf1 Nhf4 14. Ng3 Qc8 15. Ng5 Qd8 16. Nf3 Qc8 17. Bb5 f6 18. Bf1 Kh8 19. Be3 c6 20. c4 Qc7 21. Rc1 Bg8 22. h4 Ne6 23. h5 Ne7 24. Qd2 h6 25. Red1 Rad8 26. Rc3 Bh7 27. Ra3 Bb6 28. Qc1 c5 29. d5 Ng5 30. Nh4 Ra8 31. Bd3 Qd7 32. f3 a4 33. Qc2 Ba5 34. Bf1 Bb4 35. Rad3 a3 36. b3 b5 37. cxb5 Qxb5 38. R3d2 Qa5 39. Rf2 Bc3 40. Bd2 Bxd2 41. Rdxd2 Qa7 42. Bc4 Qd7 43. Bd3 Rab8 44. Qc1 Qa7 45. Kh2 Ra8 46. Qc2 Qd7 47. Rd1 Qa7 48. Rdd2 Qd7 49. Rd1 Qa7 50. Rdd2 1/2-1/2

[Event "Sharjah Masters 6th"]
[Site "Sharjah"]
[Date "2023.05.20"]
[Round "4"]
[White "Mchedlishvili, Mikheil"]
[Black "Cheparinov, Ivan"]
[Result "1/2-1/2"]
[WhiteElo "2553"]
[BlackElo "2660"]
[PlyCount "32"]
[EventDate "2023.05.17"]
[EventType "swiss"]
[EventRounds "9"]
[EventCountry "UAE"]
[SourceTitle "CBM 215"]
[Source "ChessBase"]
[SourceDate "2023.08.31"]
[SourceVersion "1"]
[SourceVersionDate "2023.08.31"]
[SourceQuality "1"]

1. e4 e5 2. Nf3 Nc6 3. Nc3 Nf6 4. Bb5 Nd4 5. Nxd4 exd4 6. e5 dxc3 7. exf6 Qxf6 8. dxc3 Qe5+ 9. Qe2 Qxe2+ 10. Bxe2 Bc5 11. 0-0 0-0 12. Re1 d5 13. Bf4 Bb6 14. c4 Be6 15. cxd5 Bxd5 16. a3 Rfe8 1/2-1/2

[Event "Sharjah Masters 6th"]
[Site "Sharjah"]
[Date "2023.05.17"]
[Round "1"]
[White "Chigaev, Maksim"]
[Black "Mchedlishvili, Mikheil"]
[Result "0-1"]
[WhiteElo "2628"]
[BlackElo "2553"]
[PlyCount "118"]
[EventDate "2023.05.17"]
[EventType "swiss"]
[EventRounds "9"]
[EventCountry "UAE"]
[SourceTitle "CBM 215"]
[Source "ChessBase"]
[SourceDate "2023.08.31"]
[SourceVersion "1"]
[SourceVersionDate "2023.08.31"]
[SourceQuality "1"]

1. c4 c6 2. Nf3 d5 3. e3 Nf6 4. Nc3 e6 5. b3 Bd6 6. Bb2 0-0 7. Be2 b6 8. Qc2 Bb7 9. Rg1 e5 10. g4 Na6 11. a3 Nc7 12. g5 Nd7 13. h4 Ne6 14. h5 f5 15. gxf6 Qxf6 16. 0-0-0 Qe7 17. h6 g6 18. a4 e4 19. Nxe4 dxe4 20. Qxe4 Nf4 21. Bd3 Qxe4 22. Bxe4 Ne2+ 23. Kc2 Nxg1 24. Rxg1 Be7 25. Nd4 Bf6 26. f4 Rae8 27. Bxc6 Bxc6 28. Nxc6 Bxb2 29. Kxb2 a5 30. Nd4 Nc5 31. Kc2 Rf6 32. Rg3 Rd8 33. Rg2 Ne4 34. Nf3 Nd6 35. d4 Nf5 36. Kd3 Nxh6 37. Ng5 Nf5 38. d5 Nd6 39. Rg4 Nb7 40. e4 Nc5+ 41. Kd4 Kg7 42. Ke3 Re8 43. e5 Rf5 44. Rg1 Ref8 45. e6 h6 46. Nh3 Re8 47. Rd1 Nxe6 48. dxe6 Rxe6+ 49. Kf3 Rf7 50. Rd5 g5 51. f5 Re1 52. Rb5 Rf1+ 53. Nf2 h5 54. Ke2 Rg1 55. Ne4 h4 56. Nd6 Re7+ 57. Kf2 Rg4 58. Rxb6 Rf4+ 59. Kg2 g4 0-1

[Event "Indore op 1st"]
[Site "Indore"]
[Date "2023.04.01"]
[Round "1"]
[White "Mchedlishvili, Mikheil"]
[Black "Nayak, Rajesh"]
[Result "1-0"]
[WhiteElo "2568"]
[BlackElo "2145"]
[PlyCount "103"]
[EventDate "2023.04.01"]
[EventType "swiss"]
[EventRounds "10"]
[EventCountry "IND"]
[SourceTitle "CBM 213 Extra"]
[Source "ChessBase"]
[SourceDate "2023.05.31"]
[SourceVersion "1"]
[SourceVersionDate "2023.05.31"]
[SourceQuality "1"]

1. d4 Nf6 2. c4 g6 3. g3 Bg7 4. Bg2 0-0 5. Nc3 d6 6. Nf3 Nc6 7. 0-0 Bg4 8. d5 Bxf3 9. exf3 Na5 10. b3 c5 11. Bd2 a6 12. f4 Rb8 13. a4 Qd7 14. Rb1 Rfe8 15. Re1 b6 16. Qc2 Qf5 17. Ne4 Nxe4 18. Bxe4 Qf6 19. f5 Kh8 20. h4 gxf5 21. Bxf5 h6 22. Re3 e6 23. dxe6 fxe6 24. Be4 Rf8 25. Bc3 Qe7 26. Rd1 Bxc3 27. Qxc3+ e5 28. f4 Rf6 29. fxe5 Qxe5 30. Qxe5 dxe5 31. Rd7 Re8 32. Red3 Nc6 33. Rh7+ Kg8 34. Rdd7 Nb4 35. Kg2 Rb8 36. h5 b5 37. a5 bxc4 38. bxc4 Re8 39. Bg6 Ree6 40. Rdg7+ Kf8 41. Bf7 e4 42. Bxe6 Rxe6 43. Rc7 Kg8 44. Rhe7 Rxe7 45. Rxe7 Nc6 46. Rxe4 Nxa5 47. Re5 Nxc4 48. Rxc5 Nd6 49. Rc6 Nf7 50. Rxa6 Kg7 51. g4 Ne5 52. Kg3 1-0

[Event "New Delhi op 20th"]
[Site "New Delhi"]
[Date "2023.03.24"]
[Round "2"]
[White "Mchedlishvili, Mikheil"]
[Black "Patil, Disha"]
[Result "1-0"]
[WhiteElo "2569"]
[BlackElo "1519"]
[PlyCount "99"]
[EventDate "2023.03.23"]
[EventType "swiss"]
[EventRounds "10"]
[EventCountry "IND"]
[SourceTitle "CBM 213 Extra"]
[Source "ChessBase"]
[SourceDate "2023.05.31"]
[SourceVersion "1"]
[SourceVersionDate "2023.05.31"]
[SourceQuality "1"]

1. Nf3 d5 2. c4 c6 3. g3 Nf6 4. Bg2 e6 5. 0-0 Nbd7 6. d4 Bd6 7. Nc3 0-0 8. Nd2 Be7 9. e4 dxe4 10. Ndxe4 Nxe4 11. Nxe4 Nf6 12. Nc3 Bd7 13. Bf4 Rc8 14. Be5 Re8 15. Qe2 Bf8 16. Rfd1 g6 17. Rd3 Bg7 18. a4 a5 19. Rad1 Qe7 20. c5 Nd5 21. Bxg7 Nxc3 22. Qe5 Nxd1 23. Bf6 Qf8 24. Rxd1 Rb8 25. Qc7 Red8 26. h4 Qe8 27. Qxa5 Rdc8 28. Qb4 e5 29. dxe5 Be6 30. Rd6 Qf8 31. a5 Qh6 32. Bg5 Qf8 33. Qf4 Ra8 34. b4 Rab8 35. h5 Re8 36. Bf6 Rbd8 37. Bxd8 Rxd8 38. Qf6 Rxd6 39. exd6 Qg7 40. Qxg7+ Kxg7 41. Bxc6 bxc6 42. a6 Bc8 43. a7 Bb7 44. d7 gxh5 45. d8Q Kg6 46. Qb8 f5 47. Qxb7 f4 48. a8Q f3 49. Qf8 Kg5 50. Qbg7# 1-0

[Event "EU-ch 23rd"]
[Site "Vrnjacka Banja"]
[Date "2023.03.12"]
[Round "10"]
[White "Mchedlishvili, Mikheil"]
[Black "Ponomariov, Ruslan"]
[Result "1/2-1/2"]
[WhiteElo "2569"]
[BlackElo "2655"]
[PlyCount "43"]
[EventDate "2023.03.03"]
[EventType "swiss"]
[EventRounds "11"]
[EventCountry "SRB"]
[SourceTitle "CBM 213"]
[Source "ChessBase"]
[SourceDate "2023.04.30"]
[SourceVersion "1"]
[SourceVersionDate "2023.04.30"]
[SourceQuality "1"]

1. e4 e5 2. Nf3 Nc6 3. Bc4 Nf6 4. d3 Be7 5. 0-0 0-0 6. Nc3 d6 7. a4 a5 8. Bd2 Be6 9. Nd5 Bxd5 10. exd5 Nb4 11. Bxb4 axb4 12. Qd2 c6 13. Qxb4 cxd5 14. Bb3 d4 15. a5 Qc7 16. Rfe1 Ra6 17. g3 Rfa8 18. Qc4 Qxc4 19. Bxc4 Rxa5 20. Rxa5 Rxa5 21. Nxd4 g6 22. Nf3 1/2-1/2

[Event "EU-ch 23rd"]
[Site "Vrnjacka Banja"]
[Date "2023.03.07"]
[Round "5"]
[White "Peyrer, Konstantin"]
[Black "Mchedlishvili, Mikheil"]
[Result "1/2-1/2"]
[WhiteElo "2395"]
[BlackElo "2569"]
[PlyCount "57"]
[EventDate "2023.03.03"]
[EventType "swiss"]
[EventRounds "11"]
[EventCountry "SRB"]
[SourceTitle "CBM 213"]
[Source "ChessBase"]
[SourceDate "2023.04.30"]
[SourceVersion "1"]
[SourceVersionDate "2023.04.30"]
[SourceQuality "1"]

1. d4 c5 2. d5 g6 3. e4 Bg7 4. Nc3 d6 5. Nf3 Nf6 6. Bb5+ Bd7 7. a4 0-0 8. 0-0 Bxb5 9. axb5 Nbd7 10. h3 Nb6 11. Qe2 Qd7 12. Rd1 e6 13. dxe6 Qxe6 14. e5 dxe5 15. Qxe5 Qxe5 16. Nxe5 Rfe8 17. Nf3 Nh5 18. Na4 Nxa4 19. Rxa4 Nf6 20. Be3 b6 21. c3 Re7 22. Rd6 Rb7 23. Bg5 Ne8 24. Rd2 f6 25. Bf4 Bf8 26. g4 Be7 27. h4 Rd8 28. Re2 Kf7 29. g5 1/2-1/2

[Event "GEO-ch 82nd"]
[Site "Tbilisi"]
[Date "2023.01.12"]
[Round "8"]
[White "Mchedlishvili, Mikheil"]
[Black "Petriashvili, Nikoloz"]
[Result "1-0"]
[WhiteElo "2553"]
[BlackElo "2441"]
[PlyCount "84"]
[EventDate "2023.01.04"]
[EventType "tourn"]
[EventRounds "9"]
[EventCountry "GEO"]
[EventCategory "10"]
[SourceTitle "CBM 212 Extra"]
[Source "ChessBase"]
[SourceDate "2023.03.31"]
[SourceVersion "1"]
[SourceVersionDate "2023.03.31"]
[SourceQuality "1"]

1. d4 Nf6 2. c4 g6 3. Nc3 d5 4. cxd5 Nxd5 5. e4 Nxc3 6. bxc3 Bg7 7. Bc4 c5 8. Ne2 0-0 9. 0-0 Nc6 10. Be3 b6 11. h4 e6 12. h5 Qh4 13. Qc1 cxd4 14. cxd4 Bb7 15. h6 Bh8 16. f3 Qe7 17. Rd1 Rfd8 18. Qb2 Rac8 19. Rac1 Na5 20. Bd3 Rxc1 21. Rxc1 Nc6 22. Bb5 Rc8 23. e5 Qb4 24. Qxb4 Nxb4 25. Rxc8+ Bxc8 26. Nc3 f6 27. f4 g5 28. g3 gxf4 29. gxf4 a6 30. Be2 Kf7 31. Bh5+ Ke7 32. Kf2 Bb7 33. Ke2 Bc6 34. Bc1 Be8 35. Bf3 Kf7 36. Ba3 a5 37. Bh5+ Ke7 38. Bxe8 Kxe8 39. Bxb4 axb4 40. Nb5 Kf7 41. Nd6+ Kg6 42. f5+ exf5 1-0

[Event "GEO-ch 82nd"]
[Site "Tbilisi"]
[Date "2023.01.04"]
[Round "1"]
[White "Mchedlishvili, Mikheil"]
[Black "Kacharava, Nikoloz"]
[Result "1/2-1/2"]
[WhiteElo "2553"]
[BlackElo "2538"]
[PlyCount "70"]
[EventDate "2023.01.04"]
[EventType "tourn"]
[EventRounds "9"]
[EventCountry "GEO"]
[EventCategory "10"]
[SourceTitle "CBM 212 Extra"]
[Source "ChessBase"]
[SourceDate "2023.03.31"]
[SourceVersion "1"]
[SourceVersionDate "2023.03.31"]
[SourceQuality "1"]

1. d4 d5 2. c4 e6 3. Nf3 Nf6 4. Nc3 c6 5. Bg5 h6 6. Bxf6 Qxf6 7. e3 g6 8. Ne5 Bb4 9. Bd3 Nd7 10. f4 0-0 11. 0-0 Qg7 12. Qg4 Kh7 13. Ne2 f5 14. Qh3 Be7 15. Kh1 Nxe5 16. fxe5 Bd7 17. cxd5 cxd5 18. g4 Bg5 19. Rg1 Qe7 20. Rg2 Rg8 21. Rag1 Raf8 22. Rg3 a6 23. gxf5 gxf5 24. Nf4 Bxf4 25. exf4 Qf7 26. Be2 Be8 27. Qh4 Rxg3 28. Rxg3 Rg8 29. Kg2 Bb5 30. Bxb5 axb5 31. Rxg8 Qxg8+ 32. Kf3 Qf8 33. h3 Qb4 34. Qf6 Qxd4 35. Qf7+ Kh8 1/2-1/2